All Pokémon with Frisk - Statistics

General Stats
  • This quiz has been taken 4 times
  • The average score is 19 of 30
Answer Stats
(Avail)ability Pokémon % Correct
Second Ability Banette
100%
Hidden Ability Dusclops
100%
Hidden Ability Dusknoir
100%
Hidden Ability Duskull
100%
Hidden Ability Furret
100%
First Ability Gothita
100%
First Ability Gothitelle
100%
First Ability Gothorita
100%
Hidden Ability Sentret
100%
Second Ability Shuppet
100%
Second Ability Gourgeist
67%
Hidden Ability Hisuian Typhlosion
67%
Second Ability Orbeetle
67%
Second Ability Phantump
67%
Second Ability Pumpkaboo
67%
Second Ability Trevenant
67%
Hidden Ability Wigglytuff
67%
First Ability Alolan Exeggutor
33%
Second Ability Espathra
33%
Second Ability Flittle
33%
Second Ability Grimmsnarl
33%
Second Ability Impidimp
33%
Second Ability Morgrem
33%
Hidden Ability Munkidori
33%
First Ability Noibat
33%
First Ability Noivern
33%
Second Ability Stantler
33%
Second Ability Wyrdeer
33%
Hidden Ability Yanma
33%
Hidden Ability Yanmega
33%
No matching quizzes found
Score Distribution
Percent of People with Each Score
Percentile by Number Answered
Your Score History
You have not taken this quiz